Connecting Theory With Practice: The Institutional Evolvement of U.S. Counties Functioning as Regional Service Providers (Record no. 509485)

000 -LEADER
fixed length control field 01618nam a22001577a 4500
008 - FIXED-LENGTH DATA ELEMENTS--GENERAL INFORMATION
fixed length control field 190510b ||||| |||| 00| 0 eng d
100 ## - MAIN ENTRY--PERSONAL NAME
Personal name Farmer, Jayce L.
245 ## - TITLE STATEMENT
Title Connecting Theory With Practice: The Institutional Evolvement of U.S. Counties Functioning as Regional Service Providers
260 ## - PUBLICATION, DISTRIBUTION, ETC. (IMPRINT)
Date of publication, distribution, etc 2018
300 ## - PHYSICAL DESCRIPTION
Extent p.808-821.
520 ## - SUMMARY, ETC.
Summary, etc This study extends the literature on county government structure by examining the three basic forms of county governments and their long-term effects on regional service spending. An examination of 1,532 U.S. counties between 1977 and 2012 reveals that those with the commission government form produce on average less regional service spending than those with reformed government structures. Examining the two major distinctions in reformed government types reveals that elected executive governments spend on average more than those with the commission-administrator form. However, the amount of increase for elected executive spending was very minor. The findings also reveal that the ability to establish home rule charters alters the effects of government structure for commission and commission-administrator counties. Meanwhile, charter-enabling laws matter little regarding the effects for elected executive counties. The analytical results lead to four major points for consideration regarding the link between county service provision and county institutional arrangements. - Reproduced.
650 ## - SUBJECT ADDED ENTRY--TOPICAL TERM
Topical term or geographic name as entry element County services
9 (RLIN) 5353
773 ## - HOST ITEM ENTRY
Main entry heading American Review of Public Administration
906 ## - LOCAL DATA ELEMENT F, LDF (RLIN)
Subject DIP County government - United States
942 ## - ADDED ENTRY ELEMENTS (KOHA)
Source of classification or shelving scheme
Item type Articles
Holdings
Withdrawn status Lost status Source of classification or shelving scheme Damaged status Not for loan Permanent location Current location Date acquired Serial Enumeration / chronology Barcode Date last seen Koha item type
          Indian Institute of Public Administration Indian Institute of Public Administration 2019-05-10 48(8), Nov, 2018: p.808-821. AR119656 2019-05-10 Articles

Powered by Koha